Real Madrid - Les "Légendes" du Club - Statistiques

Statistiques générales
  • Ce quiz a été pris 250 fois
    76 depuis la dernière actualisation
  • Le résultat moyen est 29 sur 211
Statistiques - réponses
Période Nationalité Légende du club % Correct
2009-2018 Portugal Cristiano Ronaldo
93%
2009-2023 France Karim Benzema
84%
2001-2006 France Zinédine Zidane
84%
2005-2021 Espagne Sergio Ramos
82%
2014-2024 Allemagne Toni Kroos
81%
1958-1959 Uruguay Hector Ramos
79%
2015-2019 Espagne Kiko Casilla
78%
1992-2010 Espagne Raul Gonzalez
73%
2013-2022 Pays de Galles Gareth Bale
72%
2006-2022 Brésil Marcelo
72%
2007-2017 Portugal Pepe
66%
1953-1964 Espagne / Argentine Alfredo Di Stefano
63%
2000-2005 Portugal Luis Figo
63%
2014-2019 Costa Rica Keylor Navas
61%
2010-2014 Argentine Angel Di Maria
60%
2011-2021 France Raphaël Varane
60%
2013-2022 Brésil Casemiro
55%
1996-2007 Brésil Roberto Carlos
52%
1958-1967 Hongrie Ferenc Puskas
51%
2003-2007 Angleterre David Beckham
46%
2010-2013 Allemagne Mesut Özil
45%
2000-2004 France Claude Makélélé
43%
2014-2020 Colombie James Rodriguez
42%
2011-2024 Espagne Nacho
42%
2002-2007 Brésil Ronaldo Nazario
42%
1989-2003 Espagne Fernando Hierro
40%
2013-2022 Espagne Isco
40%
2006-2009 Italie Fabio Cannavaro
39%
1999-2015 Espagne Iker Casillas
39%
2009-2013 Brésil Kaka
39%
1956-1959 France Raymond Kopa
39%
2015-2018 Croatie Mateo Kovacic
36%
2009-2014 Espagne Xabi Alonso
36%
2010-2015 Allemagne Sami Khedira
34%
1995-2010 Espagne Guti
31%
1985-1992 Mexique Hugo Sanchez
31%
1953-1954 Uruguay Rodriguez
30%
2000-2005 Espagne Cesar Sanchez
28%
1997-1998 Brésil Zé Roberto
28%
2009-2016 Espagne Alvaro Arbeloa
27%
1935-1948 Espagne Chus Alonso
27%
1953-1971 Espagne Francisco Gento
27%
1951-1954 Espagne Gabriel Alonso
27%
1949-1963 Espagne Juanito Alonso
27%
1999-2000 France Nicolas Anelka
27%
2016-2023 Espagne Marco Asensio
25%
1994-1996 Danemark Michael Laudrup
25%
1982-1995 Espagne Emilio Butragueno
24%
1976-1986 Espagne Isidoro San José
24%
1997-2005 Espagne Fernando Morientes
22%
1996-1999 Pays-Bas Clarence Seedorf
19%
2011-2017 Portugal Fabio Coentrao
19%
2023-2024 Espagne Joselu
19%
2006-2010 Pays-Bas Ruud Van Nistelrooy
19%
1983-1990 Espagne Martin Vazquez
18%
2004-2005 Angleterre Michael Owen
18%
1953-1954 Espagne Vazquez
18%
1998-2000 France Christian Karembeu
15%
2004-2014 Espagne Diego Lopez
15%
1911-1928 Espagne Santiago Bernabéu
15%
2012-2017 Espagne Alvaro Morata
13%
2015-2017 Brésil Danilo
13%
1996-1999 Croatie Davor Suker
13%
1964-1971 Espagne Manuel Sanchis
13%
1983-2001 Espagne Manuel Sanchis Junior
13%
1999-2009 Espagne Michel Salgado
10%
1999-2003 Angleterre Steve McManaman
10%
1994-2000 Argentine Fernando Redondo
9%
2013-2016 Espagne Jesé
9%
1958-1961 Espagne Miché
9%
1971-1988 Espagne Santillana
9%
1999-2007 Espagne Ivan Helguera
7%
1960-1962 Espagne Luis del Sol
7%
1964-1980 Espagne Pirri
7%
1996-2001 Allemagne Bobo Illgner
6%
1982-1998 Espagne Chendo
6%
1999-2002 Cameroun Geremi
6%
1999-2000 Brésil Julio César
6%
1957 Espagne Manuel Torres
6%
1996-1999 Yougoslavie Predrag Mijatovic
6%
1914-1917 France René Petit
6%
1930-1936 Espagne Ricardo Zamora
6%
1962-1976 Espagne Amancio
4%
2013-2015 Espagne Asier Illarramendi
4%
1973-1989 Espagne Camacho
4%
1997-1999 Italie Christian Panucci
4%
1954-1961 Argentine Héctor Rial
4%
1992-1996 Chili Ivan Zamorano
4%
1984-1987 Argentine Jorge Valdano
4%
1964-1976 Espagne José Luis
4%
2017-2019 Espagne Marcos Llorente
4%
1982-1996 Espagne Michel
4%
2000-2005 Argentine Santiago Solari
4%
1997-2002 Brésil Savio
4%
1968-1984 Espagne Vicente del Bosque
4%
1999-2002 Bosnie-Herzégovine Elvir Baljic
3%
1986-1997 Espagne Francisco Buyo
3%
1962-1974 Espagne Ignacio Zoco
3%
1949-1962 Espagne José Maria Zarraga
3%
1957-1966 Espagne José Santamaria
3%
1954-1962 Espagne Marquitos
3%
1948-1958 Espagne Miguel Munoz
3%
1974-1977 Allemagne Paul Breitner
3%
1952-1960 Espagne Rafael Lesmes
3%
1958-1959 Espagne Villa
3%
1965-1966 Paraguay Agüero
1%
1997-2002 Espagne Aitor Karanka
1%
1957-1962 Espagne Antonio Ruiz
1%
1953-1955 Espagne Atienza I
1%
1959-1960 Brésil Didi
1%
1953-1961 Espagne Enrique Mateos
1%
1921-1928 Espagne Félix Pérez
1%
1961-1969 Espagne Félix Ruiz
1%
1965-1967 Belgique Fernand Goyvaerts
1%
1995-1999 Espagne Fernando Sanz
1%
2000-2003 Brésil Flavio Conceiçao
1%
2000-2007 Espagne Francisco Pavon
1%
1974-1976 Allemagne Günter Netzer
1%
1971-1979 Espagne Ico Aguilar
1%
1998-2002 Espagne Ivan Campo
1%
1997-1999 Espagne Jaime
1%
1965-1968 Espagne Jaime Blanco
1%
1928-1934 Espagne Jaime Lazcano
1%
2002-2005 Espagne Javier Portillo
1%
1994-1998 Espagne José Amavisca
1%
1961-1968 Espagne José Araquistain
1%
1951-1959 Espagne Joseito
1%
1953-1957 | 1977-1987 Espagne Juanito
1%
1953-1955 Uruguay Julio César Britos
1%
1946-1957 Espagne Luis Molowny
1%
1931-1936 Espagne Luis Regueiro
1%
1983-1987 Espagne Miguel Pardeza
1%
1948-1953 Espagne Pahino
1%
2000-2002 Espagne Pedro Munitis
1%
1902-1909 Espagne / France Pedro Parages
1%
1985-1992 Espagne Rafael Gordillo
1%
1940-1950 Espagne Sabino Barinaga
1%
1994-1998 Espagne Santiago Canizares
1%
1977-1985 Allemagne Uli Stielike
1%
1975-1990 Espagne Agustin
0%
1913-1918 Espagne Alberto Machimbarrena
0%
1961-1971 Espagne Antonio Betancort
0%
1965-1971 Espagne Antonio Calpe
0%
1985-1988 Espagne Antonio Maceda
0%
1954-1960 Espagne Atienza II
0%
1955-1960 Espagne Berasaluce
0%
1957-1958 Espagne Brunet
0%
1953-1955 Espagne Campa
0%
1959-1962 Brésil Canario
0%
1999-2002 Espagne Carlos Aranda
0%
1956-1957 Espagne Carlos Sutter
0%
1960-1966 Espagne Casado
0%
1955-1958 Espagne Castano
0%
2000-2005 Espagne Celades
0%
1931-1936 Espagne Ciriaco Errasti
0%
1952-1955 Espagne Cosme
0%
1911-1921 Espagne Eulogio Aranguren
0%
1962-1965 Brésil Evaristo de Macedo
0%
1922-1936 Espagne Félix Quesada
0%
1960-1965 Espagne Felo
0%
1963-1968 Espagne Fernando Serena
0%
1928-1930 Espagne Gaspar Rubio
0%
1969-1982 Espagne Goyo Benito
0%
1958-1962 Espagne Herrera
0%
1939-1949 Espagne Ipina
0%
1961-1965 Espagne Isidro
0%
1931-1942 Espagne Jacinto Quincoces
0%
1949-1957 Espagne Joaquin Navarro
0%
1950-1957 Espagne Joaquin Oliva
0%
1953-1958 Espagne José Becerril
0%
1943-1948 Espagne José Corona
0%
1926-1932 Espagne José Maria Pena
0%
1965-1969 Espagne José Veloso
0%
1960-1964 Espagne José Vicente
0%
1959-1963 Espagne José Vidal
0%
1959-1961 Espagne Juan Bagur Coll
0%
1919-1929 Espagne Juan Monjardin
0%
1954-1964 Espagne Juan Santisteban
0%
1979-1982 Angleterre Laurie Cunningham
0%
1955-1956 Espagne Manolin
0%
1959-1971 Espagne Manolin Bueno
0%
1931-1934 Espagne Manuel Olivares
0%
1958-1977 Espagne Manuel Velazquez
0%
1966-1986 Espagne Mariano Garcia Remon
0%
1967-1986 Espagne Miguel Angel
0%
1947-1954 Espagne Miguel Cabrera
0%
1948-1954 Espagne Narro
0%
2001-2007 Espagne Oscar Minambres
0%
1959-1968 Espagne Pachin
0%
1959-1960 Espagne Panteleon
0%
1953-1954 Espagne Pazos
0%
1964-1972 Espagne Pedro de Felipe
0%
1959-1962 Espagne Pepillo II
0%
1958 Espagne Pereda
0%
1953-1957 Espagne Pérez-Paya
0%
1959-1976 Espagne Ramon Grosso
0%
1955-1961 Espagne Ramon Marsal
0%
1965-1966 Espagne Ramon Tejada
0%
2001-2007 Espagne Raul Bravo
0%
1973-1989 Espagne Ricardo Gallego
0%
1957-1962 Argentine Rogelio Dominguez
0%
1951-1957 Argentine Roque Olsen
0%
1955-1958 Espagne Rubio
0%
1953-1956 Espagne Seoane
0%
1935-1942 Espagne Simon Lecue
0%
1951-1954 Espagne Sobrado
0%
1911-1918 Espagne Sotero Aranguren
0%
1961-1969 Espagne Vicente Miera
0%
1996-1998 Espagne Victor
0%
1955-1956 Espagne Wilson
0%
Aucun quiz correspondant
Distribution des résultats
% des personnes avec chaque résultat
Percentile par nombre de réponses
Votre historique - résultats
Vous n’avez pas pris ce quiz depuis la dernière actualisation